Svetové dopady čínskej ekonomiky bakalárska práca

Na minha lista:
Detalhes bibliográficos
Autor principal: Kuka, Lukáš
Autor Corporativo: Národohospodárska fakulta EU. Katedra financií
Outros Autores: Keruľ, Tomáš
Formato: Livro
Idioma:eslovaco
Publicado em: Bratislava 2009
Tags: Adicionar Tag
Sem tags, seja o primeiro a adicionar uma tag!

MARC

LEADER 00000nam$a2200000$$$4500
001 0103492
005 20240318141520.7
041 0 |a slo 
044 |a SK 
245 1 0 |a Svetové dopady čínskej ekonomiky  |b bakalárska práca  |c Lukáš Kuka ; škol. Tomáš Keruľ 
264 1 |a Bratislava  |c 2009 
300 |a 42 s. 
100 1 |a Kuka, Lukáš 
700 1 |a Keruľ, Tomáš 
710 2 |a Národohospodárska fakulta EU. Katedra financií